Aux origines de la liberté de disposer entre époux.

Saved in:
Bibliographic Details
Main Author: Laurent-Bonne, Nicolas (auteur)
Other Authors: Roumy, Franck (préface)
Format: Book
Language:English
Published: Issy-les-Moulineaux, France: LGDJ; Lextenso éditions, 2014.
Series:Bibliothèque d'histoire du droit et droit romain,
Subjects:
Tags: Add Tag
No Tags, Be the first to tag this record!

MARC

LEADER 00000nam a22000007a 4500
003 CL-VaPUC
005 20220822114714.0
008 220725b ||||| |||| 00| 0 eng d
999 |c 437482  |d 437480 
020 |a 978-2-275-04619-8 
040 |c Pontificia Universidad Católica de Valparaíso 
082 |2 22  |a 349.44016 LAU 2014  
100 |9 873783  |a Laurent-Bonne, Nicolas  |e auteur 
245 |a Aux origines de la liberté de disposer entre époux. 
260 |a Issy-les-Moulineaux, France:   |b LGDJ;   |b Lextenso éditions,   |c 2014. 
300 |a XII, 376 páginas.  
490 |a Bibliothèque d'histoire du droit et droit romain,   |n  28. 
500 |a c.1 Donación Familia Prof. Alejandro Guzmán Brito. 
583 |c 20220725  |k Yessy Sthefany Diaz Vidal 
586 |a Prix de thèse André IsoreÌé en droit privé. Prix Levy-Ullmann en droit comparé. Prix de l'Université Panthéon-Assas. Prix de l'Institut de droit romain. Ouvrage honoré d'une subvention du Centre d'Histoire du Droit et des Institutions de l'Université Pantheón - Assas (Paris II). 
650 0 |9 255930  |a Derecho romano  |x Matrimonio  
650 0 |a Derecho   |z Francia   |9 872019 
650 0 |9 255930  |a Derecho romano  |x Cónyuges  
700 |9 873785  |a Roumy, Franck  |e préface 
942 |2 ddc  |c BK  |n 0 
952 |0 0  |1 0  |2 ddc  |4 0  |6 349_440160000000000_LAU_2014  |7 1  |8 C_AGB  |9 585252  |a BIBDER  |b BIBDER  |d 2022-07-25  |e Donación   |i 5653271  |o 349.44016 LAU 2014  |p 5653271  |r 2023-01-25  |t 1  |w 2022-07-25  |y BK_US  |k AGB